April Fool's - Germany Edition - Statistics

General Stats
  • This quiz has been taken 66 times
    46 since last reset
  • The average score is 12 of 15
Answer Stats
Hint Answer % Correct
There is no speed limit anywhere on this motorway system Autobahn
98%
How many German countries ceased to exist in 1990? Two
95%
Which Nazi symbol is banned from appearing in any movies and books? Swastika
93%
Germany has the highest world-wide per capita consumption of this kind of beverage Beer
90%
This type of transportation is more punctual in Germany than anywhere else in the world Trains
90%
In his later days, this former Führer worked at a VW factory in Argentina Adolf Hitler
88%
All Bavarian boys are required by law to wear these leather garments in school Lederhosen
88%
Tiny principality in the Alps that borders Germany Liechtenstein
88%
You do not have to make any payment if you are enrolled at this kind of educational institution University
83%
John F. Kennedy was laughed at for saying, "Ich bin ein Berliner", because Berliner only means what in this phrase? Jelly doughnut
80%
Which former "Baywatch" star still regularly tops Germany's pop charts? David Hasselhoff
78%
Urban area that includes Essen, Bochum, and the city of Cologne/Düsseldorf Ruhr Area
78%
Since the arrival of refugees from this country in 2015, crime rates have exploded and some districts are now ruled by Jihadists Syria
78%
Which event should never ever be mentioned when speaking to Germans, as it is a big taboo? World War II
78%
This word most commonly denotes a beer mug in Germany stein
45%
No matching quizzes found
Score Distribution
Percent of People with Each Score
Percentile by Number Answered
Your Score History
You have not taken this quiz since the last reset